[Event "Muensterland Verbandsliga 2526"]
[Site "Germany"]
[Date "2026.05.16"]
[Round "9"]
[Board "1"]
[White "Jansen, Dirk"]
[Black "Gruenstaeudl, Wolfgang"]
[Result "0-1"]
[WhiteElo "1990"]
[BlackElo "2152"]
[WhiteFideId "-1"]
[BlackFideId "-1"]
[PlyCount "54"]
[GameId "2315516291452204"]
[EventDate "2025.??.??"]
[EventType "team-tourn"]
[EventRounds "9"]
[EventCountry "GER"]
[SourceTitle "Verband Muensterland"]
[SourceDate "2025.11.13"]
[SourceVersion "1"]
[SourceVersionDate "2025.11.13"]
[SourceQuality "1"]
[WhiteTeam "Muenster SK IV"]
[BlackTeam "Muenster Indische Dame"]
[WhiteTeamCountry "GER"]
[BlackTeamCountry "GER"]

1. c4 Nc6 2. Nf3 e5 3. Nc3 Nf6 4. e3 d6 5. d4 Bg4 6. d5 Ne7 7. h3 Bd7 8. e4 Ng6 9. Be3 Be7 10. g3 O-O 11. Bg2 Qc8 12. Nd2 c5 13. dxc6 bxc6 14. c5 Be6 15. cxd6 Bxd6 16. Qa4 Nd7 17. Nc4 Bc5 18. O-O Nb6 19. Nxb6 axb6 20. Qc2 Bxe3 21. fxe3 Bxh3 22. Rac1 Qg4 23. Bxh3 Qxh3 24. Qf2 h5 25. Rcd1 h4 26. gxh4 Nxh4 27. Rd3 f5 0-1

[Event "Muensterland Verbandsliga 2526"]
[Site "Germany"]
[Date "2026.05.16"]
[Round "9"]
[Board "2"]
[White "Kluczka, Konrad"]
[Black "Leder, Nils"]
[Result "1-0"]
[WhiteElo "1809"]
[BlackElo "1886"]
[WhiteFideId "-1"]
[BlackFideId "-1"]
[PlyCount "80"]
[GameId "2315516291452206"]
[EventDate "2025.??.??"]
[EventType "team-tourn"]
[EventRounds "9"]
[EventCountry "GER"]
[SourceTitle "Verband Muensterland"]
[SourceDate "2025.11.13"]
[SourceVersion "1"]
[SourceVersionDate "2025.11.13"]
[SourceQuality "1"]
[WhiteTeam "Muenster Indische Dame"]
[BlackTeam "Muenster SK IV"]
[WhiteTeamCountry "GER"]
[BlackTeamCountry "GER"]

1. e4 c6 2. Nc3 d5 3. Qf3 e6 4. d4 Bb4 5. e5 Ne7 6. a3 Ba5 7. Bd3 c5 8. Bd2 cxd4 9. Nb5 Bxd2+ 10. Kxd2 O-O 11. Ne2 Nbc6 12. Qg3 Ng6 13. f4 f6 14. Bxg6 Qa5+ 15. Kc1 Qxb5 16. Bd3 Qb6 17. Qh4 g6 18. Qg3 Qc7 19. exf6 Qf7 20. h4 Qxf6 21. h5 e5 22. hxg6 e4 23. gxh7+ Kh8 24. Bb5 Ne7 25. Qg5 a6 26. Ba4 b5 27. Bb3 d3 28. cxd3 exd3 29. Qxf6+ Rxf6 30. Nd4 Rxf4 31. Nf3 Bf5 32. Kd2 Be4 33. Ng5 Raf8 34. Nxe4 dxe4 35. Ke3 Rg4 36. Be6 Rxg2 37. Rag1 Re2+ 38. Kd4 Rd8+ 39. Kc3 Rc2+ 40. Kb3 Rcc8 1-0

[Event "Muensterland Verbandsliga 2526"]
[Site "Germany"]
[Date "2026.05.16"]
[Round "9"]
[Board "3"]
[White "Spillmann, Peter"]
[Black "Frie, Michael"]
[Result "0-1"]
[WhiteElo "1870"]
[BlackElo "1858"]
[WhiteFideId "-1"]
[BlackFideId "-1"]
[PlyCount "56"]
[GameId "2315516291452208"]
[EventDate "2025.??.??"]
[EventType "team-tourn"]
[EventRounds "9"]
[EventCountry "GER"]
[SourceTitle "Verband Muensterland"]
[SourceDate "2025.11.13"]
[SourceVersion "1"]
[SourceVersionDate "2025.11.13"]
[SourceQuality "1"]
[WhiteTeam "Muenster SK IV"]
[BlackTeam "Muenster Indische Dame"]
[WhiteTeamCountry "GER"]
[BlackTeamCountry "GER"]

1. f4 d5 2. Nf3 Nf6 3. g3 c6 4. Bg2 Nbd7 5. O-O e6 6. b3 Bd6 7. Bb2 O-O 8. c4 dxc4 9. bxc4 Qb6+ 10. Bd4 Bc5 11. e3 Bxd4 12. Nxd4 e5 13. Nf5 Qc5 14. fxe5 Qxe5 15. Nc3 Nb6 16. d4 Qe6 17. c5 g6 18. cxb6 gxf5 19. Qd2 axb6 20. Bh3 Ne4 21. Nxe4 Qxe4 22. Rf4 Qd5 23. Qf2 Ra5 24. a4 Be6 25. Rf1 Rxa4 26. Bxf5 Ra2 27. Bxh7+ Kxh7 28. Rh4+ Kg8 0-1

[Event "Muensterland Verbandsliga 2526"]
[Site "Germany"]
[Date "2026.05.16"]
[Round "9"]
[Board "4"]
[White "Langheinrich, Joern"]
[Black "Vogenauer, Nikolas"]
[Result "1-0"]
[WhiteElo "1831"]
[BlackElo "1868"]
[WhiteFideId "-1"]
[BlackFideId "-1"]
[PlyCount "51"]
[GameId "2315516291452210"]
[EventDate "2025.??.??"]
[EventType "team-tourn"]
[EventRounds "9"]
[EventCountry "GER"]
[SourceTitle "Verband Muensterland"]
[SourceDate "2025.11.13"]
[SourceVersion "1"]
[SourceVersionDate "2025.11.13"]
[SourceQuality "1"]
[WhiteTeam "Muenster Indische Dame"]
[BlackTeam "Muenster SK IV"]
[WhiteTeamCountry "GER"]
[BlackTeamCountry "GER"]

1. e4 e5 2. f4 exf4 3. Nf3 g5 4. Bc4 g4 5. O-O gxf3 6. Qxf3 Qf6 7. d3 Bh6 8. Nc3 c6 9. Bd2 d6 10. Ne2 Nd7 11. d4 Ne7 12. Rae1 Ng6 13. g3 Nb6 14. Bb3 Rg8 15. e5 dxe5 16. dxe5 Qf5 17. Nd4 Qd7 18. e6 Qxd4+ 19. Be3 fxe3 20. exf7+ Kd7 21. fxg8=Q e2+ 22. Rf2 Ne7 23. Qxh7 Be3 24. Qxe2 Bxf2+ 25. Qxf2 Qd6 26. Qe2 1-0

[Event "Muensterland Verbandsliga 2526"]
[Site "Germany"]
[Date "2026.05.16"]
[Round "9"]
[Board "5"]
[White "Boerger, Andreas"]
[Black "Brambrink, Ulf"]
[Result "1/2-1/2"]
[WhiteElo "1763"]
[BlackElo "1790"]
[WhiteFideId "-1"]
[BlackFideId "-1"]
[PlyCount "65"]
[GameId "2315516291452212"]
[EventDate "2025.??.??"]
[EventType "team-tourn"]
[EventRounds "9"]
[EventCountry "GER"]
[SourceTitle "Verband Muensterland"]
[SourceDate "2025.11.13"]
[SourceVersion "1"]
[SourceVersionDate "2025.11.13"]
[SourceQuality "1"]
[WhiteTeam "Muenster SK IV"]
[BlackTeam "Muenster Indische Dame"]
[WhiteTeamCountry "GER"]
[BlackTeamCountry "GER"]

1. e4 c5 2. c4 e6 3. Nc3 Nc6 4. g3 g6 5. Bg2 Bg7 6. Nge2 Nge7 7. d3 b6 8. Be3 Bb7 9. d4 cxd4 10. Nxd4 Nxd4 11. Bxd4 Bxd4 12. Qxd4 O-O 13. O-O Nc6 14. Qd6 Qe7 15. Rad1 Rfd8 16. f4 Kf8 17. e5 Qxd6 18. Rxd6 Na5 19. b3 Bxg2 20. Kxg2 Nb7 21. Rd4 d6 22. exd6 Rxd6 23. Rfd1 Rad8 24. Rxd6 Rxd6 25. Rxd6 Nxd6 26. Kf3 h5 27. Nb5 Nxb5 28. cxb5 Ke7 29. Ke4 Kd6 30. b4 f6 31. h4 Ke7 32. Kd4 Kd7 33. Ke4 1/2-1/2

[Event "Muensterland Verbandsliga 2526"]
[Site "Germany"]
[Date "2026.05.16"]
[Round "9"]
[Board "6"]
[White "Glotzbach, Thomas"]
[Black "Baumann, Eva"]
[Result "1-0"]
[WhiteElo "1757"]
[BlackElo "1709"]
[WhiteFideId "-1"]
[BlackFideId "-1"]
[PlyCount "137"]
[GameId "2315516291452214"]
[EventDate "2025.??.??"]
[EventType "team-tourn"]
[EventRounds "9"]
[EventCountry "GER"]
[SourceTitle "Verband Muensterland"]
[SourceDate "2025.11.13"]
[SourceVersion "1"]
[SourceVersionDate "2025.11.13"]
[SourceQuality "1"]
[WhiteTeam "Muenster Indische Dame"]
[BlackTeam "Muenster SK IV"]
[WhiteTeamCountry "GER"]
[BlackTeamCountry "GER"]

1. e4 e5 2. Nf3 Nc6 3. Bc4 Bc5 4. O-O d6 5. h3 Nf6 6. d3 Be6 7. Bxe6 fxe6 8. c3 Bb6 9. Nbd2 Qd7 10. Nc4 h6 11. b4 O-O 12. a4 a5 13. Nxb6 cxb6 14. Qb3 Rfe8 15. Be3 Qc7 16. bxa5 bxa5 17. Rab1 Rab8 18. Nd2 d5 19. Bb6 Qd7 20. Rfd1 Ra8 21. Qb5 Reb8 22. Nb3 Na7 23. Qc5 Nc6 24. Qe3 Qe8 25. f4 exf4 26. Qxf4 Nd7 27. Bc7 Rc8 28. Bd6 Ne7 29. Rdc1 Ng6 30. Qg3 Ra6 31. Nd4 b6 32. Nb5 e5 33. exd5 Nf4 34. Re1 Nxd5 35. Bxe5 Nxe5 36. Rxe5 Qc6 37. c4 Nf6 38. Rbe1 Re8 39. Rxe8+ Nxe8 40. Qe5 Ra8 41. Qe6+ Qxe6 42. Rxe6 Rb8 43. Kf2 Kf7 44. Re2 Rd8 45. Ke3 Nf6 46. Rb2 Nd7 47. Nc3 Ne5 48. Nd5 Re8 49. Rf2+ Kg6 50. Kd2 Nd7 51. d4 Re4 52. Kd3 Re1 53. Rb2 Ra1 54. Nxb6 Nxb6 55. Rxb6+ Kf7 56. c5 Rxa4 57. Rb7+ Kf6 58. c6 Ra1 59. Rb5 Ke7 60. Rc5 Kd8 61. d5 a4 62. Ra5 a3 63. Kc4 Ra2 64. d6 Rc2+ 65. Kd5 Rd2+ 66. Ke6 Re2+ 67. Kf7 Rf2+ 68. Kg8 Rf6 69. Ra8# 1-0

[Event "Muensterland Verbandsliga 2526"]
[Site "Germany"]
[Date "2026.05.16"]
[Round "9"]
[Board "7"]
[White "Schoepper, Oliver"]
[Black "Tenberge, Norbert"]
[Result "1-0"]
[WhiteElo "1729"]
[BlackElo "1702"]
[WhiteFideId "-1"]
[BlackFideId "-1"]
[PlyCount "65"]
[GameId "2315516291452216"]
[EventDate "2025.??.??"]
[EventType "team-tourn"]
[EventRounds "9"]
[EventCountry "GER"]
[SourceTitle "Verband Muensterland"]
[SourceDate "2025.11.13"]
[SourceVersion "1"]
[SourceVersionDate "2025.11.13"]
[SourceQuality "1"]
[WhiteTeam "Muenster SK IV"]
[BlackTeam "Muenster Indische Dame"]
[WhiteTeamCountry "GER"]
[BlackTeamCountry "GER"]

1. d4 e6 2. c4 d5 3. Nf3 Nf6 4. g3 Be7 5. Bg2 O-O 6. O-O Nbd7 7. Qc2 c6 8. b3 b6 9. Bb2 Bb7 10. Nc3 Rc8 11. Rac1 c5 12. cxd5 exd5 13. Rfd1 c4 14. Ne5 Qc7 15. Qf5 a6 16. Nxd7 Nxd7 17. Nxd5 Bxd5 18. Bxd5 g6 19. Qf3 b5 20. bxc4 bxc4 21. Bxc4 Qb6 22. Bxf7+ Kg7 23. Rxc8 Rxc8 24. Bb3 Rf8 25. Qd5 Nf6 26. Qe6 Qd6 27. Qxd6 Bxd6 28. f3 Bc7 29. Rc1 Bb6 30. Rc6 Rb8 31. Kg2 a5 32. d5 Bd8 33. Ra6 1-0

[Event "Muensterland Verbandsliga 2526"]
[Site "Germany"]
[Date "2026.05.16"]
[Round "9"]
[Board "8"]
[White "Ennen, Joerg"]
[Black "Staub, Tom"]
[Result "0-1"]
[WhiteElo "1614"]
[BlackElo "1978"]
[WhiteFideId "-1"]
[BlackFideId "-1"]
[PlyCount "102"]
[GameId "2315516291452218"]
[EventDate "2025.??.??"]
[EventType "team-tourn"]
[EventRounds "9"]
[EventCountry "GER"]
[SourceTitle "Verband Muensterland"]
[SourceDate "2025.11.13"]
[SourceVersion "1"]
[SourceVersionDate "2025.11.13"]
[SourceQuality "1"]
[WhiteTeam "Muenster Indische Dame"]
[BlackTeam "Muenster SK IV"]
[WhiteTeamCountry "GER"]
[BlackTeamCountry "GER"]

1. c4 Nf6 2. Nc3 e6 3. g3 d5 4. cxd5 exd5 5. d4 c6 6. Bg2 Bd6 7. Nf3 O-O 8. O-O h6 9. Qc2 Re8 10. a3 Bg4 11. b4 a6 12. Na4 Nbd7 13. Bb2 Nb6 14. Nxb6 Qxb6 15. e3 Re7 16. Ne5 Rae8 17. Rae1 Bc8 18. Re2 Qc7 19. h3 Nd7 20. Nd3 Nb6 21. Ne5 Nd7 22. Nd3 f6 23. Nf4 Bxf4 24. gxf4 Nf8 25. f5 Nd7 26. Bf3 Nb6 27. Bh5 Rd8 28. Bf3 Nc4 29. Rfe1 Nxb2 30. Qxb2 Bxf5 31. Bg2 Rde8 32. Qb3 Kh8 33. Qc3 Qd7 34. Kh2 Qd6+ 35. Kh1 Qe6 36. Kh2 Qf7 37. Bf3 Be4 38. Bxe4 Rxe4 39. Rg1 Qh5 40. Ree1 f5 41. Qd2 g5 42. Qd1 Qf7 43. Rg3 f4 44. Rf3 Qc7 45. Kg2 Rg8 46. Kf1 Rge8 47. Kg2 Qg7 48. Kf1 R8e6 49. Qd3 g4 50. hxg4 Qxg4 51. Rxf4 Qh3+ 0-1

[Event "Muensterland Verbandsliga 2526"]
[Site "Germany"]
[Date "2026.05.16"]
[Round "9"]
[Board "1"]
[White "Mullink, Jochem"]
[Black "Eiersbrock, Robin"]
[Result "1/2-1/2"]
[WhiteElo "2151"]
[BlackElo "2052"]
[WhiteFideId "-1"]
[BlackFideId "-1"]
[PlyCount "94"]
[GameId "2317645519474823"]
[EventDate "2025.??.??"]
[EventType "team-tourn"]
[EventRounds "9"]
[EventCountry "GER"]
[SourceTitle "Verband Muensterland"]
[SourceDate "2025.11.13"]
[SourceVersion "1"]
[SourceVersionDate "2025.11.13"]
[SourceQuality "1"]
[WhiteTeam "Stadtlohn"]
[BlackTeam "Duelmen"]
[WhiteTeamCountry "GER"]
[BlackTeamCountry "GER"]

1. e4 c5 2. Nf3 g6 3. d4 cxd4 4. Nxd4 Bg7 5. c4 Nc6 6. Be3 d6 7. Nc3 Nf6 8. Be2 O-O 9. O-O Bd7 10. f3 Nxd4 11. Bxd4 a5 12. Be3 Bc6 13. Qd2 Nd7 14. Rab1 Nc5 15. Rfc1 Qb6 16. Qe1 Bh6 17. Qf2 Bxe3 18. Qxe3 Nd7 19. Qxb6 Nxb6 20. b3 Rfc8 21. Kf2 Nd7 22. a3 b6 23. Ke3 g5 24. h4 h6 25. Rh1 Kg7 26. g3 Nc5 27. b4 axb4 28. axb4 Na4 29. Nd1 Bd7 30. Kd2 Be6 31. Ne3 b5 32. cxb5 Nc3 33. Ra1 Nxe2 34. Kxe2 Rab8 35. hxg5 hxg5 36. Rac1 Rxb5 37. Rxc8 Bxc8 38. Rb1 Ba6 39. Kd2 e6 40. Nd1 Rb8 41. Nc3 Bb5 42. Ke3 Kg6 43. Kd4 f5 44. exf5+ Kxf5 45. Ne4 Rb6 46. Ke3 Bc4 47. Nc3 e5 1/2-1/2

[Event "Muensterland Verbandsliga 2526"]
[Site "Germany"]
[Date "2026.05.16"]
[Round "9"]
[Board "2"]
[White "Eiersbrock, Marko"]
[Black "Kloster, Josef"]
[Result "1/2-1/2"]
[WhiteElo "1859"]
[BlackElo "2003"]
[WhiteFideId "-1"]
[BlackFideId "-1"]
[PlyCount "134"]
[GameId "2315793280585908"]
[EventDate "2025.??.??"]
[EventType "team-tourn"]
[EventRounds "9"]
[EventCountry "GER"]
[SourceTitle "Verband Muensterland"]
[SourceDate "2025.11.13"]
[SourceVersion "1"]
[SourceVersionDate "2025.11.13"]
[SourceQuality "1"]
[WhiteTeam "Duelmen"]
[BlackTeam "Stadtlohn"]
[WhiteTeamCountry "GER"]
[BlackTeamCountry "GER"]

1. d4 Nf6 2. Nf3 e6 3. Bg5 c5 4. e3 Qb6 5. Qc1 Ne4 6. Bf4 Nc6 7. c3 d5 8. Nbd2 Nxd2 9. Nxd2 Bd7 10. Be2 Rc8 11. Qb1 cxd4 12. exd4 Ne7 13. O-O Ng6 14. Bg5 Bd6 15. Bd3 Bb5 16. Bxb5+ Qxb5 17. Nf3 O-O 18. Re1 a5 19. Qc2 Rfe8 20. Rad1 Qd7 21. h4 h6 22. Bc1 Qd8 23. h5 Nf4 24. Bxf4 Bxf4 25. g3 Bd6 26. Kg2 b5 27. b3 Re7 28. Qd3 Rec7 29. Rc1 Qe8 30. Rc2 a4 31. Rb1 axb3 32. Rxb3 b4 33. Ne1 e5 34. cxb4 e4 35. Qe2 f5 36. Rxc7 Rxc7 37. b5 Rc4 38. b6 Qf7 39. b7 Bb8 40. Nc2 f4 41. Qg4 f3+ 42. Kg1 Qc7 43. Rb2 Kf8 44. Kf1 Rc6 45. Qf5+ Qf7 46. Qxf7+ Kxf7 47. Ke1 Ke6 48. Kd2 Rc4 49. Rb6+ Kf7 50. Rb4 Rc6 51. a4 g6 52. hxg6+ Rxg6 53. Ne3 Rd6 54. Rb5 Ke6 55. a5 Kd7 56. Rc5 Rc6 57. Rxd5+ Rd6 58. Rxd6+ Kxd6 59. Nf5+ Kc6 60. Nxh6 Kxb7 61. Ke3 Ka6 62. Kxe4 Bxg3 63. Kxf3 Bb8 64. Ke4 Kxa5 65. f4 Kb5 66. d5 Kc5 67. Nf7 Bxf4 1/2-1/2

[Event "Muensterland Verbandsliga 2526"]
[Site "Germany"]
[Date "2026.05.16"]
[Round "9"]
[Board "3"]
[White "Krosenbrink, Marcel"]
[Black "Loedding, Detlef"]
[Result "1-0"]
[WhiteElo "1885"]
[BlackElo "1860"]
[WhiteFideId "-1"]
[BlackFideId "-1"]
[PlyCount "103"]
[GameId "2315795239682243"]
[EventDate "2025.??.??"]
[EventType "team-tourn"]
[EventRounds "9"]
[EventCountry "GER"]
[SourceTitle "Verband Muensterland"]
[SourceDate "2025.11.13"]
[SourceVersion "1"]
[SourceVersionDate "2025.11.13"]
[SourceQuality "1"]
[WhiteTeam "Stadtlohn"]
[BlackTeam "Duelmen"]
[WhiteTeamCountry "GER"]
[BlackTeamCountry "GER"]

1. e4 c5 2. Nc3 e6 3. f4 d5 4. Bb5+ Nc6 5. Bxc6+ bxc6 6. Nf3 Nf6 7. e5 Nd7 8. d3 Ba6 9. O-O c4 10. dxc4 Bxc4 11. Re1 Be7 12. b3 Ba6 13. Ne2 Bxe2 14. Qxe2 O-O 15. Bb2 a5 16. Rad1 a4 17. f5 axb3 18. axb3 Ra2 19. Ba1 Bb4 20. Rf1 exf5 21. e6 fxe6 22. Qxe6+ Kh8 23. Qxc6 Qb6+ 24. Qxb6 Nxb6 25. Bd4 Nd7 26. c3 Be7 27. c4 Nc5 28. Rfe1 Ne4 29. cxd5 Bb4 30. Ra1 Rxa1 31. Rxa1 Nc3 32. Kf2 Nxd5 33. Ra7 Bc3 34. Bxc3 Nxc3 35. Ng5 Ne4+ 36. Nxe4 fxe4+ 37. Ke3 h6 38. b4 Rf1 39. Re7 Rg1 40. b5 Rxg2 41. b6 Rb2 42. b7 Kh7 43. Kxe4 Kg6 44. Kd5 Kf6 45. Rd7 g5 46. Kc6 Rc2+ 47. Kd6 Rd2+ 48. Kc7 Rc2+ 49. Kd8 Rb2 50. Kc8 Ke6 51. Rh7 Rc2+ 52. Rc7 1-0

[Event "Muensterland Verbandsliga 2526"]
[Site "Germany"]
[Date "2026.05.16"]
[Round "9"]
[Board "4"]
[White "Dieckerhoff, Stefan"]
[Black "Te Sligte, Bert"]
[Result "1/2-1/2"]
[WhiteElo "1767"]
[BlackElo "1805"]
[WhiteFideId "-1"]
[BlackFideId "-1"]
[PlyCount "54"]
[GameId "2315798703333919"]
[EventDate "2025.??.??"]
[EventType "team-tourn"]
[EventRounds "9"]
[EventCountry "GER"]
[SourceTitle "Verband Muensterland"]
[SourceDate "2025.11.13"]
[SourceVersion "1"]
[SourceVersionDate "2025.11.13"]
[SourceQuality "1"]
[WhiteTeam "Duelmen"]
[BlackTeam "Stadtlohn"]
[WhiteTeamCountry "GER"]
[BlackTeamCountry "GER"]

1. Nf3 Nc6 2. d4 d5 3. g3 g6 4. c4 e6 5. Bg2 Bg7 6. cxd5 exd5 7. Nc3 Nge7 8. O-O O-O 9. Bf4 a6 10. Rc1 Bg4 11. Ne5 Nxe5 12. dxe5 c6 13. h3 Be6 14. Qd2 Rc8 15. Rfd1 b5 16. a3 Qc7 17. e4 Bxe5 18. Bxe5 Qxe5 19. exd5 cxd5 20. f4 Qd6 21. Kh2 Qb8 22. Nxd5 Nxd5 23. Rxc8 Qxc8 24. Bxd5 Rd8 25. Qg2 Qc5 26. Bf3 Rxd1 27. Bxd1 Bd5 1/2-1/2

[Event "Muensterland Verbandsliga 2526"]
[Site "Germany"]
[Date "2026.05.16"]
[Round "9"]
[Board "5"]
[White "Bußwolder, Peter"]
[Black "Gehlen, Horst"]
[Result "1-0"]
[WhiteElo "1755"]
[BlackElo "1601"]
[WhiteFideId "-1"]
[BlackFideId "-1"]
[PlyCount "101"]
[GameId "2315799665594917"]
[EventDate "2025.??.??"]
[EventType "team-tourn"]
[EventRounds "9"]
[EventCountry "GER"]
[SourceTitle "Verband Muensterland"]
[SourceDate "2025.11.13"]
[SourceVersion "1"]
[SourceVersionDate "2025.11.13"]
[SourceQuality "1"]
[WhiteTeam "Stadtlohn"]
[BlackTeam "Duelmen"]
[WhiteTeamCountry "GER"]
[BlackTeamCountry "GER"]

1. d4 d5 2. Bf4 Nf6 3. e3 c5 4. c3 Nc6 5. Bd3 Qb6 6. Qc1 e6 7. Nf3 Bd7 8. Nbd2 cxd4 9. exd4 Rc8 10. Qb1 Be7 11. Ne5 h6 12. Ndf3 Nxe5 13. Nxe5 Bb5 14. O-O Bxd3 15. Qxd3 O-O 16. Rab1 Bd6 17. Rfe1 Bxe5 18. Bxe5 Nd7 19. Bf4 Nf6 20. Re3 Nh5 21. Be5 f6 22. Bg3 Nxg3 23. Rxg3 Qc7 24. Re1 Rce8 25. Rge3 Qf7 26. Qe2 e5 27. f3 e4 28. fxe4 dxe4 29. Rxe4 Rxe4 30. Qxe4 b6 31. Qe6 Rd8 32. Kf2 Qxe6 33. Rxe6 Kf7 34. Re2 b5 35. g4 b4 36. Kf3 bxc3 37. bxc3 Rc8 38. Rc2 Rc4 39. Ke4 Ke6 40. Kd3 Kd5 41. Rb2 Ra4 42. h4 g6 43. Rf2 Ke6 44. Re2+ Kd5 45. Rh2 f5 46. gxf5 gxf5 47. h5 Ra6 48. Rg2 Rf6 49. Rg6 Rxg6 50. hxg6 Ke6 51. d5+ 1-0

[Event "Muensterland Verbandsliga 2526"]
[Site "Germany"]
[Date "2026.05.16"]
[Round "9"]
[Board "6"]
[White "Sindermann, Erwin"]
[Black "Kloster, Daniel"]
[Result "1-0"]
[WhiteElo "1769"]
[BlackElo "1694"]
[WhiteFideId "-1"]
[BlackFideId "-1"]
[PlyCount "155"]
[GameId "2315800779379241"]
[EventDate "2025.??.??"]
[EventType "team-tourn"]
[EventRounds "9"]
[EventCountry "GER"]
[SourceTitle "Verband Muensterland"]
[SourceDate "2025.11.13"]
[SourceVersion "1"]
[SourceVersionDate "2025.11.13"]
[SourceQuality "1"]
[WhiteTeam "Duelmen"]
[BlackTeam "Stadtlohn"]
[WhiteTeamCountry "GER"]
[BlackTeamCountry "GER"]

1. e4 e6 2. b3 d5 3. Bb2 c6 4. Nc3 Nd7 5. Nf3 dxe4 6. Nxe4 Ngf6 7. Nxf6+ Nxf6 8. Be2 Be7 9. O-O O-O 10. Ne5 Bc5 11. d4 Bb6 12. Bd3 Bc7 13. c4 h6 14. Qe2 Bd6 15. a3 c5 16. dxc5 Bxc5 17. b4 Be7 18. Rad1 Qc7 19. Rd2 b6 20. Ng4 Bb7 21. Bxf6 Bxf6 22. Nxf6+ gxf6 23. Qg4+ Kh8 24. Qh4 Kg7 25. Re2 Rh8 26. Re3 f5 27. Rg3+ Kf8 28. Qf6 Rh7 29. Be2 Qd8 30. Qc3 Qe7 31. Rd1 Rd8 32. Rgd3 Rxd3 33. Qxd3 Rg7 34. f3 Ke8 35. Qd6 Qxd6 36. Rxd6 Ba6 37. Kf2 Ke7 38. Rd2 Rg8 39. Rd4 Rd8 40. Ke3 Rg8 41. g3 Rc8 42. Rh4 Rh8 43. Kd3 e5 44. Kc3 Kf6 45. Bd3 Kg5 46. f4+ Kf6 47. fxe5+ Kxe5 48. Rh5 Bc8 49. g4 f6 50. Bxf5 Bxf5 51. Rxf5+ Ke6 52. Kd4 Rc8 53. a4 a6 54. a5 bxa5 55. Rxa5 Rc6 56. Rh5 Rd6+ 57. Kc3 Kf7 58. Rxh6 Rd1 59. Rh5 Rc1+ 60. Kb3 Rb1+ 61. Kc3 Rc1+ 62. Kd4 Rb1 63. Kc5 Kg6 64. h3 Rb3 65. Rh8 Kg5 66. Rg8+ Kh4 67. Rg6 Rxh3 68. Rxf6 Kxg4 69. Rxa6 Rh5+ 70. Kb6 Rh6+ 71. Kb5 Rh8 72. c5 Kf5 73. Rd6 Ke5 74. Rd1 Rb8+ 75. Kc4 Ra8 76. c6 Ra2 77. b5 Rc2+ 78. Kb4 1-0

[Event "Muensterland Verbandsliga 2526"]
[Site "Germany"]
[Date "2026.05.16"]
[Round "9"]
[Board "7"]
[White "Van Harxen, Luc"]
[Black "Reufer, Berthold"]
[Result "1/2-1/2"]
[WhiteElo "1542"]
[BlackElo "1593"]
[WhiteFideId "-1"]
[BlackFideId "-1"]
[PlyCount "56"]
[GameId "2315802503287343"]
[EventDate "2025.??.??"]
[EventType "team-tourn"]
[EventRounds "9"]
[EventCountry "GER"]
[SourceTitle "Verband Muensterland"]
[SourceDate "2025.11.13"]
[SourceVersion "1"]
[SourceVersionDate "2025.11.13"]
[SourceQuality "1"]
[WhiteTeam "Stadtlohn"]
[BlackTeam "Duelmen"]
[WhiteTeamCountry "GER"]
[BlackTeamCountry "GER"]

1. e4 e6 2. d4 d5 3. exd5 exd5 4. Nf3 Bg4 5. Be2 Bxf3 6. Bxf3 c6 7. O-O Bd6 8. Re1+ Ne7 9. Bg5 O-O 10. c3 Qc7 11. g3 Ng6 12. Nd2 f6 13. Be3 f5 14. Nf1 f4 15. Bd2 fxg3 16. fxg3 Qf7 17. Bh5 Nd7 18. Ne3 Nf6 19. Rf1 Qc7 20. Bxg6 hxg6 21. Ng2 Ne4 22. Bf4 g5 23. Bxd6 Qxd6 24. Qd3 Qh6 25. Ne3 Qh3 26. Qe2 Rae8 27. Rxf8+ Rxf8 28. Rf1 Re8 1/2-1/2

[Event "Muensterland Verbandsliga 2526"]
[Site "Germany"]
[Date "2026.05.16"]
[Round "9"]
[Board "8"]
[White "Ulunque Villazon, Humberto"]
[Black "Fremund, Colin Peter"]
[Result "1-0"]
[WhiteElo "1661"]
[BlackElo "1186"]
[WhiteFideId "-1"]
[BlackFideId "-1"]
[PlyCount "107"]
[GameId "2315803366584883"]
[EventDate "2025.??.??"]
[EventType "team-tourn"]
[EventRounds "9"]
[EventCountry "GER"]
[SourceTitle "Verband Muensterland"]
[SourceDate "2025.11.13"]
[SourceVersion "1"]
[SourceVersionDate "2025.11.13"]
[SourceQuality "1"]
[WhiteTeam "Duelmen"]
[BlackTeam "Stadtlohn"]
[WhiteTeamCountry "GER"]
[BlackTeamCountry "GER"]

1. e4 e5 2. Bc4 Bc5 3. Bxf7+ Kxf7 4. Qh5+ Kf8 5. Qxe5 d6 6. Qc3 Qh4 7. Qf3+ Nf6 8. Nc3 Bb6 9. h3 Nc6 10. Nge2 Ne5 11. Qf4 Qxf4 12. Nxf4 c6 13. b3 Bd4 14. Nfe2 Bxc3 15. Nxc3 Bd7 16. d4 Nf7 17. Ba3 g6 18. e5 Re8 19. O-O Nd5 20. Ne4 Kg7 21. Nxd6 Nxd6 22. Bxd6 Bf5 23. c4 Nc3 24. Rfe1 Ne4 25. Ba3 Rd8 26. g4 Ng5 27. gxf5 Nf3+ 28. Kf1 Nxe1 29. f6+ Kf7 30. Rxe1 Rxd4 31. e6+ Kxf6 32. Bb2 c5 33. e7 Re8 34. Re4 Kf5 35. Bxd4 Kxe4 36. Bxc5 Kd3 37. h4 Kd2 38. Bd6 b6 39. Kg2 Kc2 40. Kf3 Kb2 41. Ke4 Kxa2 42. b4 Kb3 43. Kd5 Rc8 44. c5 bxc5 45. Bxc5 a6 46. Ke6 Kc4 47. Kd7 Rb8 48. e8=Q Rxe8 49. Kxe8 a5 50. bxa5 Kxc5 51. Kf7 Kb5 52. Kg7 Kxa5 53. Kxh7 g5 54. hxg5 1-0

[Event "Muensterland Verbandsliga 2526"]
[Site "Germany"]
[Date "2026.05.16"]
[Round "9"]
[Board "1"]
[White "Hofene, Dieter"]
[Black "Becker, Daniel"]
[Result "1/2-1/2"]
[WhiteElo "1951"]
[BlackElo "1825"]
[WhiteFideId "-1"]
[BlackFideId "-1"]
[PlyCount "55"]
[GameId "2317645567640136"]
[EventDate "2025.??.??"]
[EventType "team-tourn"]
[EventRounds "9"]
[EventCountry "GER"]
[SourceTitle "Verband Muensterland"]
[SourceDate "2025.11.13"]
[SourceVersion "1"]
[SourceVersionDate "2025.11.13"]
[SourceQuality "1"]
[WhiteTeam "Beelen"]
[BlackTeam "Nienberge II"]
[WhiteTeamCountry "GER"]
[BlackTeamCountry "GER"]

1. e4 d6 2. Nc3 Nf6 3. Nf3 e5 4. Be2 c6 5. O-O Be7 6. d4 Qc7 7. h3 Nbd7 8. Be3 Nf8 9. Qd2 h6 10. Rad1 g5 11. dxe5 dxe5 12. Nxe5 Qxe5 13. f4 gxf4 14. Bxf4 Bc5+ 15. Kh1 Qe7 16. e5 Nd5 17. Ne4 Ng6 18. Nf6+ Nxf6 19. exf6 Qxf6 20. Be5 Qg5 21. Qxg5 hxg5 22. Bxh8 Nxh8 23. Bh5 Be6 24. a3 Kf8 25. b4 Be7 26. Rde1 Bd5 27. Re5 Rd8 28. Rfe1 1/2-1/2